Manual de teora̕ del derecho

Bibliographic Details
Main Author: Castro Cid, Benito de
Other Authors: Junquera de Estf̌ani, Rafael, Marcos del Cano, Ana, Martn̕ez Morǹ, Narciso
Format: Unknown
Language:Spanish
Published: Madrid : Universitas, 2004
Subjects:
Online Access:Acceso restringido

MARC

LEADER 00000ny a22000003n 4500
005 20110525115742.0
008 000000s2004 sp 000 0 spa c
020 |a 8479911697 
035 |a 768 
040 |a UMA.DER  |d vLex 
040 |a UMA.RE  |d vLex 
080 |a 340.12 
090 |c 267  |d 267 
100 1 |a Castro Cid, Benito de 
245 1 0 |a Manual de teora̕ del derecho  |h [Recurso electrn̤ico]  |c Benito de Castro Cid ; con la colaboracin̤ de Narciso Martn̕ez Morǹ, Ana Mara̕ Marcos del Cano, Rafael Junquera de Estf̌ani 
256 |a Servicio en ln̕ea 
260 |a Madrid :  |b Universitas,  |c 2004 
300 |a 424 p. ;  |c 24 cm 
504 |a Bibliografa̕ 
506 1 |a Contenido solo disponible en los productos indicados  |d vLex Global  |d vLex Global (Academic Edition, excluding Law Schools)  |d vLex Global (U.S. Academic Edition, Law Schools)  |d vLex Global (U.S. Academic Edition, excluding Law Schools)  |d vLex Global (Academic Edition, Law Schools) 
650 0 7 |a Filosofa̕ del derecho  |2 Tesauro vLex 
650 0 7 |a Teora̕ General del Derecho  |2 Tesauro vLex 
700 1 |a Junquera de Estf̌ani, Rafael 
700 1 |a Marcos del Cano, Ana 
700 1 |a Martn̕ez Morǹ, Narciso 
740 0 |a vLex Libros (Servicios en ln̕ea) 
856 4 0 |u http://vlex.com/source/768  |z Acceso restringido 
942 |c BOOK 
999 0 |a Law--Philosophy  |b Madrid